The role of civil servants in an Islamic policy (Record no. 5818)

000 -LEADER
fixed length control field 00393pab a2200145 454500
008 - FIXED-LENGTH DATA ELEMENTS--GENERAL INFORMATION
fixed length control field 180718b1986 xxu||||| |||| 00| 0 eng d
100 ## - MAIN ENTRY--PERSONAL NAME
Personal name Haque, Israrul
245 ## - TITLE STATEMENT
Title The role of civil servants in an Islamic policy
260 ## - PUBLICATION, DISTRIBUTION, ETC.
Date of publication, distribution, etc. 1986
300 ## - PHYSICAL DESCRIPTION
Extent 46-58
362 ## - DATES OF PUBLICATION AND/OR SEQUENTIAL DESIGNATION
Dates of publication and/or sequential designation July-Dec.
650 ## - SUBJECT ADDED ENTRY--TOPICAL TERM
Topical term or geographic name entry element Civil Service - Powers And Functions - Pakistan
773 ## - HOST ITEM ENTRY
Main entry heading Administration Journal
909 ## -
-- 5818
Holdings
Withdrawn status Lost status Damaged status Not for loan Permanent Location Current Location Date acquired Serial Enumeration / chronology Barcode Date last seen Price effective from Koha item type
        Indian Institute of Public Administration Indian Institute of Public Administration 2018-07-19 Volume no: 6, Issue no: 15 AR5825 2018-07-19 2018-07-19 Articles

Powered by Koha